00822nam a22002534a 4500001000800000007000300008008004100011040001200052041000800064043000700072082002700079110006200106245010100168250001000269260002500279300001700304650002700321650003200348650003800380650001500418942002400433999001700457952009400474ESSALUDta t2011 pe gr 00| 0 spa d aESSALUD aspa cpe a338.911bN12/2012-2016 aSistema de las Naciones Unidas en el Perúeautor951956 aMarco de asistencia para el desarrollo del Sistema de las Naciones Unidas en el Perú 2012-2016 a1 ed. aLima : bONU, c2011 a39 páginas aDESARROLLO ECONÓMICO aDESARROLLO SOSTENIBLE95156 aCOOPERACIÓN INTERNACIONAL92371 aPERÚ913 cBKe2026-06-23zAFC c22547d22547 2ddc408CGaBCbBCd2026-06-02eDonacionl0o338.911/N12/2012-2016p10697r2026-06-23yBK